বাঙলা সাহিত্য পরিক্রমা / (Record no. 53571)
[ view plain ]
| 000 -LEADER | |
|---|---|
| fixed length control field | 00926nam a2200241 a 4500 |
| 001 - CONTROL NUMBER | |
| control field | 53571 |
| 003 - CONTROL NUMBER IDENTIFIER | |
| rucl marc code | BD-RjUL |
| 005 - DATE AND TIME OF LATEST TRANSACTION | |
| control field | 20211209080003.0 |
| 008 - FIXED-LENGTH DATA ELEMENTS--GENERAL INFORMATION | |
| fixed length control field | 161018s1957 ii ||||| |||| 00| 0 ben d |
| 020 ## - INTERNATIONAL STANDARD BOOK NUMBER | |
| Terms of availability | : IRs 11.00 |
| 035 ## - SYSTEM CONTROL NUMBER | |
| System control number | (BD-RjUL)53693 |
| 040 ## - CATALOGING SOURCE | |
| Original cataloging agency | BD-RjUL |
| Language of cataloging | ben |
| Transcribing agency | BD-RjUL |
| 041 ## - LANGUAGE CODE | |
| Language code of text/sound track or separate title | ben |
| 082 ## - DEWEY DECIMAL CLASSIFICATION NUMBER | |
| Edition number | 23 |
| Classification number | 891.4409 |
| Author mark and year | GHB 1957 |
| 100 ## - MAIN ENTRY--PERSONAL NAME | |
| Personal name | ঘোষ, ভোলানাথ |
| 9 (RLIN) | 160098 |
| 245 10 - TITLE STATEMENT | |
| Title | বাঙলা সাহিত্য পরিক্রমা / |
| Statement of responsibility, etc. | ভোলানাথ ঘোষ |
| 250 ## - EDITION STATEMENT | |
| Edition statement | পরি. সং. |
| 260 ## - PUBLICATION, DISTRIBUTION, ETC. (IMPRINT) | |
| Place of publication, distribution, etc. | কলিকাতা : |
| Name of publisher, distributor, etc. | বামা পুস্তকালয়, |
| Date of publication, distribution, etc. | ১৯৫৭ [১৩৬৪] |
| 300 ## - PHYSICAL DESCRIPTION | |
| Pagination | ৪৮০ পৃ. ; |
| Size | ১৯ সেমি. |
| 650 ## - SUBJECT ADDED ENTRY--TOPICAL TERM | |
| Topical term or geographic name as entry element | বাংলা সাহিত্য |
| General subdivision | ইতিহাস ও সমালোচনা |
| 9 (RLIN) | 160099 |
| Topical term or geographic name as entry element | Bengali LIterature |
| General subdivision | History & Criticism |
| 9 (RLIN) | 160100 |
| 942 ## - ADDED ENTRY ELEMENTS (KOHA) | |
| Source of classification or shelving scheme | Dewey Decimal Classification |
| Koha item type | Books |
| Lost status | Source of classification or shelving scheme | Damaged status | Not for loan | Collection code | Permanent Location | Current Location | Shelving location | Date acquired | Source of acquisition | Cost, normal purchase price | Total Checkouts | Full call number | Date last seen | Copy number | Koha item type |
|---|---|---|---|---|---|---|---|---|---|---|---|---|---|---|---|
| Dewey Decimal Classification | Non-fiction | Central Library, University of Rajshahi | Central Library, University of Rajshahi | 17/11/1962 | Komola Book, Kolikata | 11.00 | B 891.4409 GHB 1957 | 18/10/2016 | C-2 | Books |